000 00607nam a2200229 a 4500
001 19494
003 CO-ViMGA
008 141112s2004 ck r 000 u spa d
020 _a9576078884
040 _aCO-ViMGA
_bspa
_cCO-ViMGA
082 0 4 _a796 A747
100 1 _aAristizabal, Cesar
_928121
245 1 0 _a90 juegos al aire libre
260 _aBogotá :
_bSan Pablo; 1998
300 _a76 p.
490 _aDinámica grupal
590 _aForma de adquisición : Premio Mincultura
650 1 4 _aDINAMICA DE GRUPOS
_922562
650 1 4 _aJUEGOS
650 1 4 _aJUEGOS DIRIGIDOS
_928122
942 _2ddc
_cBK
999 _c28635
_d28635